| 000 | 00529nam a2200217Ia 4500 | ||
|---|---|---|---|
| 005 | 20241216010512.0 | ||
| 008 | 180423s9999||||xx |||||||||||||| ||und|| | ||
| 082 |
_a551.8 _bB52 |
||
| 100 | _aBILLINGS, MARLAND P. | ||
| 245 | 0 | _aGEOLOGY STRUCTURAL | |
| 250 | _a2 | ||
| 260 |
_aINGLATERRA _bPRENTOCE-HALL,INC _c1957 |
||
| 300 |
_a514 pag _c24 cm |
||
| 341 | _h0 | ||
| 490 |
_v0 _a0 |
||
| 505 | _aMECHANICAL-FOLDS-CLASSIFICATION | ||
| 541 | _d22-Feb-99 | ||
| 650 | _aCIENCIAS PURAS | ||
| 856 | _zCC. Puras | ||
| 942 | _cLIBRO | ||
| 999 |
_c16171 _d16171 |
||